La unidad fundamental de la obra mayor de Antonio Millán-Puelles (Record no. 847890)
[ view plain ]
| 000 -CABECERA | |
|---|---|
| Campo de control de longitud fija | 00531nab a2200145 4500 |
| 003 - IDENTIFICADOR DEL NÚMERO DE CONTROL | |
| Campo de control | ES-SlBCS |
| 005 - FECHA Y HORA DE LA ÚLTIMA TRANSACCIÓN | |
| Campo de control | 20210327231159.0 |
| 008 - CÓDIGOS DE INFORMACIÓN DE LONGITUD FIJA | |
| Campo de control de longitud fija | 140722s2014 sp ||||| |||| 00| 0 spa d |
| 040 ## - FUENTE DE LA CATALOGACIÓN | |
| Centro catalogador del origen | ES-SlBCS |
| Lengua de catalogación | spa |
| 100 10 - PUNTO DE ACCESO PRINCIPAL-NOMBRE DE PERSONA | |
| Nombre de persona | Escandell, José J. |
| 9 (RLIN) | 5473 |
| 245 13 - MENCIÓN DE TÍTULO | |
| Título | La unidad fundamental de la obra mayor de Antonio Millán-Puelles |
| Mención de responsabilidad, etc. | José J. Escandell |
| 600 10 - PUNTO DE ACCESO ADICIONAL DE MATERIA-NOMBRE DE PERSONA | |
| Nombre personal | Millán Puelles, Antonio |
| Fechas asociadas con el nombre | , 1921-2005 |
| Subdivisión general | Crítica e interpretación |
| 9 (RLIN) | 124174 |
| 773 0# - ENLACE AL DOCUMENTO FUENTE | |
| Parte(s) relacionada(s) | Vol. 73, Nº 147, 2014, págs. 69-98 |
| Título | Espíritu |
| Número de control del registro relacionado | Rev182 |
| Número Internacional Normalizado para Publicaciones Seriadas (ISSN) | 0014-0716 |
| 942 ## - ENTRADA DE ELEMENTOS AGREGADOS (KOHA) | |
| Fuente de clasificaión o esquema | |
| Koha [por defecto] tipo de item | Artículos de revista |
| Suprimido | Perdido | Fuente de clasificación o esquema | Estropeado | No para préstamo | Localización permanente | Localización actual | Localización en estantería | Fecha adquisición | Préstamos totales | Fecha última consulta | Fecha del precio de reemplazo | Tipo de item de Koha |
|---|---|---|---|---|---|---|---|---|---|---|---|---|
| San Esteban | San Esteban | Depósito de revistas | 22/07/2014 | 22/07/2014 | 22/07/2014 | Artículos de revista |
